00727 2200241 4500001002100000005001700021008004100038020001800079035002400097082001200121090002200133110003000155245014100185250001000326260002500336300003000361500001100391650003200402850001500434985000600449999001500455999001500470YOGYA-0209000002957420090227024345.0 ind  a979-448-159-9 0010-020900000029574 a614.514 a614.514bWor PlT aWORLD HEALTH ORGANIZATION aPenata laksanaan dan pencegahan diare akutbPetunjuk praktis (The treat ment an prevention of acute diaryhoea practical guidelines)cWHO aEd. 2 aJakartabE.G.Cc1992 aviii, 64 hlmbilusc25 cm aIndeks aPenyebaran penyakit - Diare aYOPDYOG(B) a2 a94P0050539 a94P0051249